De la animación pedagógica a la investigación-acción : Perspectivas para la innovavión escolar
| Autor principal: | |
|---|---|
| Formato: | Libro |
| Lenguaje: | español |
| Publicado: |
Madrid, España :
Narcea,
1985
|
| Materias: |
MARC
| LEADER | 00000nam a2200000Ia 4500 | ||
|---|---|---|---|
| 008 | 150803b1985 sp ||||| |||| 00| | spa d | ||
| 020 | |a 8427706936 | ||
| 090 | |a 371 |b D359d | ||
| 100 | 1 | |a Delorme, Charles |9 665 | |
| 245 | 1 | 6 | |a De la animación pedagógica a la investigación-acción : Perspectivas para la innovavión escolar |
| 260 | |a Madrid, España : |b Narcea, |c 1985 | ||
| 300 | |a 254 páginas | ||
| 650 | 1 | 4 | |a ENSEÑANZA |9 14 |
| 650 | 1 | 4 | |a INNOVACIONES PEDAGÓGICAS |9 666 |
| 942 | |i 366418 |h 371 D359d |2 z |c 01 | ||
| 999 | |c 168 |d 168 | ||
